[Event "Junior Online 4NCL Division 5"]
[Site "online"]
[Date "2020.05.28"]
[Round "7.194"]
[White "Manouvel, Maelys"]
[Black "Shah, Prem"]
[Result "1-0"]
[WhiteElo "1037"]
[BlackElo "1022"]
[PlyCount "69"]
[EventDate "2020.05.28"]
[WhiteTeam "Bristol Bishops"]
[BlackTeam "Watford 4"]

1. e4 c6 2. d4 d5 3. Nc3 dxe4 4. Nxe4 Bf5 5. Nc3 Nf6 6. Nf3 e6 7. Bg5 Bd6 8.
Be2 O-O 9. O-O Na6 10. Bxa6 bxa6 11. Na4 h6 12. Bh4 Qd7 13. Bxf6 gxf6 14. Nc5
Bxc5 15. dxc5 Qc7 16. Nh4 Bh7 17. Qg4+ Kh8 18. Rad1 Rg8 19. Qh5 Qa5 20. Qxf7
Qxc5 21. Qxf6+ Rg7 22. Rd8+ Rxd8 23. Qxd8+ Rg8 24. Qf6+ Rg7 25. Qxe6 Qxc2 26.
Re1 Qxb2 27. Qxh6 Qxa2 28. h3 Rg8 29. Re7 Qb1+ 30. Kh2 c5 31. Nf3 c4 32. Nd2
Qc2 33. Nxc4 Qd3 34. Ne5 Qc2 35. Nf7# 1-0

[Event "Junior Online 4NCL Division 5"]
[Site "online"]
[Date "2020.05.28"]
[Round "7.195"]
[White "Bleeg, Elliott"]
[Black "Holland, Nicolas"]
[Result "1-0"]
[WhiteElo "1307"]
[BlackElo "1225"]
[PlyCount "65"]
[EventDate "2020.05.28"]
[WhiteTeam "Bristol Bishops"]
[BlackTeam "Watford 4"]

1. e4 e6 2. d4 d5 3. exd5 exd5 4. Nf3 Nf6 5. Bd3 Bd6 6. O-O O-O 7. Bg5 Nc6 8.
Nc3 Bg4 9. Nxd5 Bxf3 10. Qxf3 Nxd4 11. Qd1 Be5 12. c3 Qxd5 13. cxd4 Qxd4 14.
Bxf6 Bxf6 15. Rb1 Rad8 16. Be2 Qh4 17. Qc2 Be5 18. g3 Qg5 19. Rbd1 Rxd1 20.
Bxd1 Rd8 21. f4 Qg6 22. Qxg6 hxg6 23. fxe5 Rd5 24. Bb3 Rxe5 25. Bxf7+ Kh7 26.
Bb3 Re2 27. Rc1 c6 28. Rc2 Re1+ 29. Kf2 Re4 30. Kf3 Re7 31. Rc4 Rf7+ 32. Kg2
Rc7 33. Rh4# 1-0

[Event "Junior Online 4NCL Division 5"]
[Site "online"]
[Date "2020.05.28"]
[Round "7.196"]
[White "Demyan, Leo"]
[Black "Saha, Soumil"]
[Result "0-1"]
[WhiteElo "1157"]
[BlackElo "1075"]
[PlyCount "60"]
[EventDate "2020.05.28"]
[WhiteTeam "Watford 4"]
[BlackTeam "Bristol Bishops"]

1. e4 e5 2. Nf3 Nf6 3. Bc4 Bc5 4. Nc3 Bb4 5. a3 Bxc3 6. dxc3 c6 7. Ng5 d5 8.
exd5 cxd5 9. Bb5+ Nc6 10. Bxc6+ bxc6 11. O-O O-O 12. Re1 e4 13. Be3 Ng4 14. h3
Nxe3 15. fxe3 Qxg5 16. Qd4 Bxh3 17. Re2 Bf5 18. Rd1 Bg4 19. Rf2 Bxd1 20. Qxd1
f5 21. Qd4 f4 22. exf4 Rxf4 23. Re2 Qg4 24. Qd1 Raf8 25. c4 R4f5 26. b3 Rg5 27.
Qd2 Qf4 28. Qd4 Qf1+ 29. Kh2 Qxe2 30. Qg1 Qh5# 0-1

[Event "Junior Online 4NCL Division 5"]
[Site "online"]
[Date "2020.05.28"]
[Round "7.197"]
[White "Clegg, Anya"]
[Black "Khandelwal, Akshaj"]
[Result "0-1"]
[WhiteElo "1142"]
[BlackElo "1150"]
[PlyCount "122"]
[EventDate "2020.05.28"]
[WhiteTeam "Bristol Bishops"]
[BlackTeam "Watford 4"]

1. d4 d5 2. Nf3 Nf6 3. e3 e6 4. Bd3 Bd6 5. O-O O-O 6. Nbd2 b6 7. c3 Nbd7 8. e4
dxe4 9. Nxe4 Nxe4 10. Bxe4 Rb8 11. d5 exd5 12. Qxd5 Nf6 13. Qd4 Nxe4 14. Qxe4
g6 15. Bh6 Re8 16. Qd4 Bf8 17. Qxd8 Rxd8 18. Bxf8 Rxf8 19. Rfe1 Bg4 20. Re3
Rfe8 21. Rae1 Rxe3 22. Rxe3 Rd8 23. h3 Bxf3 24. Rxf3 Rd2 25. b4 Rxa2 26. Rd3 c5
27. b5 a6 28. bxa6 Rxa6 29. g4 b5 30. Kf1 b4 31. cxb4 cxb4 32. Rb3 Rb6 33. Ke2
f5 34. f3 fxg4 35. fxg4 h5 36. Kf3 Kf7 37. Kf4 Kf6 38. h4 hxg4 39. Kxg4 Kg7 40.
Kg5 Kf7 41. Kf4 Kf6 42. Kg4 Rb5 43. Kf4 Rh5 44. Kg3 Rb5 45. Kf4 Rb8 46. Kg4 Rb6
47. Kf4 Ke6 48. Kg5 Kd5 49. Rxb4 Rxb4 50. Kxg6 Rxh4 51. Kg5 Re4 52. Kf5 Re8 53.
Kf6 Re1 54. Kf5 Rf1+ 55. Kg6 Ke5 56. Kg7 Ke6 57. Kg8 Ke7 58. Kg7 Rg1+ 59. Kh7
Kf6 60. Kh8 Kf7 61. Kh7 Rh1# 0-1

[Event "Junior Online 4NCL Division 5"]
[Site "online"]
[Date "2020.05.28"]
[Round "7.198"]
[White "Shah, Prem"]
[Black "Manouvel, Maelys"]
[Result "1-0"]
[WhiteElo "1022"]
[BlackElo "1037"]
[PlyCount "125"]
[EventDate "2020.05.28"]
[WhiteTeam "Watford 4"]
[BlackTeam "Bristol Bishops"]

1. e4 c6 2. Nc3 d5 3. exd5 cxd5 4. Bb5+ Nc6 5. Nf3 Nf6 6. O-O e5 7. d4 exd4 8.
Nxd4 Bg4 9. Qd3 Bc5 10. Nxc6 bxc6 11. Bxc6+ Nd7 12. Bxa8 Qxa8 13. Nxd5 O-O 14.
Bf4 Re8 15. Nc7 Qd8 16. Nxe8 Qxe8 17. Rfe1 Qa8 18. Qxd7 Bxd7 19. Rad1 Bc6 20.
Bc7 h6 21. Rd8+ Qxd8 22. Bxd8 Bb4 23. Re7 Bxe7 24. Bxe7 Kh7 25. c4 g6 26. b4 h5
27. b5 Be4 28. c5 Bd3 29. b6 axb6 30. cxb6 Ba6 31. a4 Kh6 32. f3 g5 33. g4 h4
34. Kg2 f6 35. Bxf6 Kg6 36. Bd4 Kf7 37. Kf2 Ke6 38. Ke3 Kd6 39. Ke4 Bb7+ 40.
Kf5 Bxf3 41. Kxg5 h3 42. a5 Bb7 43. Kh4 Kd5 44. Bh8 Kc5 45. Kxh3 Kb5 46. g5
Kxa5 47. Kh4 Kxb6 48. g6 Bd5 49. Kh5 Kc6 50. Kg5 Kd6 51. h4 Ke7 52. h5 Kf8 53.
Bd4 Ke7 54. h6 Kf8 55. h7 Bg8 56. h8=Q Ke7 57. Qg7+ Bf7 58. Qxf7+ Kd6 59. Qc4
Ke7 60. g7 Ke8 61. g8=R+ Kd7 62. Qf7+ Kd6 63. Rg6# 1-0

[Event "Junior Online 4NCL Division 5"]
[Site "online"]
[Date "2020.05.28"]
[Round "7.201"]
[White "Datta, Ishan"]
[Black "Booy, Robbie"]
[Result "1-0"]
[WhiteElo "1195"]
[BlackElo "1075"]
[PlyCount "53"]
[EventDate "2020.05.28"]
[WhiteTeam "May the Fork Be With You 3"]
[BlackTeam "St Albans Early Knights 4"]

1. d4 d5 2. c4 c6 3. Nc3 Nf6 4. Bg5 h6 5. Bh4 e6 6. e3 Bb4 7. Qc2 Bxc3+ 8. Qxc3
Ne4 9. Qc2 Qxh4 10. Bd3 Qxf2+ 11. Qxf2 Nxf2 12. Kxf2 O-O 13. Nf3 Nd7 14. Rhf1
b6 15. Kg1 Ba6 16. b3 Rae8 17. Rae1 c5 18. dxc5 bxc5 19. Rd1 dxc4 20. bxc4 Bb7
21. Bh7+ Kxh7 22. Rxd7 Bxf3 23. Rxf3 Rb8 24. Rfxf7 Kg8 25. Rxg7+ Kh8 26. Rh7+
Kg8 27. Rdg7# 1-0

[Event "Junior Online 4NCL Division 5"]
[Site "online"]
[Date "2020.05.28"]
[Round "7.202"]
[White "Saporenkova, Rita"]
[Black "Durling, Charlie"]
[Result "0-1"]
[WhiteElo "1000"]
[BlackElo "1105"]
[PlyCount "102"]
[EventDate "2020.05.28"]
[WhiteTeam "St Albans Early Knights 4"]
[BlackTeam "May the Fork Be With You 3"]

1. e4 e6 2. Nc3 d5 3. exd5 exd5 4. Nf3 Nc6 5. Bb5 Bd7 6. Bxc6 Bxc6 7. O-O Bd6
8. Qe1+ Ne7 9. d4 O-O 10. a3 Re8 11. b4 Nf5 12. Qd1 Nh4 13. Nxh4 Qxh4 14. h3 a6
15. Qf3 h6 16. Nxd5 Qxd4 17. Be3 Qxd5 18. Qxd5 Bxd5 19. Rad1 Bc4 20. Rfe1 Rad8
21. g4 Bb5 22. f4 Ba4 23. Rd2 Bxf4 24. Rxd8 Bxe3+ 25. Rxe3 Rxd8 26. c4 b5 27.
cxb5 Bxb5 28. Kg2 Kh7 29. h4 Rd2+ 30. Kg3 Rc2 31. g5 c5 32. bxc5 Rxc5 33. gxh6
Kxh6 34. Kg4 Rc4+ 35. Kg3 Ra4 36. h5 Kxh5 37. Kh3 Bf1+ 38. Kg3 g5 39. Re5 f6
40. Re3 f5 41. Re5 Rg4+ 42. Kh2 Rg2+ 43. Kh3 f4 44. Rxg5+ Rxg5+ 45. Kh2 f3 46.
a4 Kh4 47. a5 Rg2+ 48. Kh1 Re2 49. Kg1 Bh3 50. Kh1 Kg3 51. Kg1 Re1# 0-1

[Event "Junior Online 4NCL Division 5"]
[Site "online"]
[Date "2020.05.28"]
[Round "7.203"]
[White "Tager, Maya"]
[Black "Burke, Joshua"]
[Result "1/2-1/2"]
[WhiteElo "1090"]
[BlackElo "917"]
[PlyCount "56"]
[EventDate "2020.05.28"]
[WhiteTeam "May the Fork Be With You 3"]
[BlackTeam "St Albans Early Knights 4"]

1. e4 e5 2. d3 d6 3. Nd2 Be6 4. Ngf3 Be7 5. g3 h6 6. Bg2 Nf6 7. O-O O-O 8. b3
Ng4 9. h3 Nf6 10. Bb2 Kh7 11. Rb1 g6 12. Re1 Nc6 13. a4 a5 14. Ba3 b6 15. c4
Rg8 16. b4 axb4 17. Bxb4 Rxa4 18. Bc3 Ra8 19. Ra1 Rxa1 20. Qxa1 Nd7 21. Qd1 Qc8
22. d4 f6 23. d5 Nd4 24. dxe6 Nc5 25. Bxd4 exd4 26. Nxd4 Nd3 27. Re3 Nb2 28.
Qb1 Na4 1/2-1/2

[Event "Junior Online 4NCL Division 5"]
[Site "online"]
[Date "2020.05.28"]
[Round "7.204"]
[White "Owladi, Maya"]
[Black "Valanju, Saish"]
[Result "1-0"]
[WhiteElo "842"]
[BlackElo "1037"]
[PlyCount "153"]
[EventDate "2020.05.28"]
[WhiteTeam "St Albans Early Knights 4"]
[BlackTeam "May the Fork Be With You 3"]

1. e4 e6 2. Nf3 d5 3. Nc3 c5 4. Bb5+ Nc6 5. e5 Qb6 6. O-O d4 7. Ne4 Qxb5 8.
Nd6+ Bxd6 9. exd6 Nf6 10. a4 Qb6 11. a5 Nxa5 12. d3 O-O 13. Bd2 Nc6 14. h3 Qxb2
15. Ng5 Qb6 16. Rb1 Qa6 17. Bb4 Nxb4 18. Ne4 Nxe4 19. dxe4 b6 20. Rc1 Na2 21.
Ra1 Nc3 22. Qe1 Ne2+ 23. Kh1 Nc3 24. e5 Qb5 25. Qc1 Ne2 26. Qg5 h6 27. Qe7 Qc6
28. Rxa7 Nf4 29. f3 Rxa7 30. Qxa7 Bb7 31. Qa3 Ra8 32. Qc1 Ne2 33. Qe1 Ba6 34.
Rf2 Ng3+ 35. Kg1 Bc4 36. c3 Ra2 37. Rxa2 Bxa2 38. cxd4 Ne4 39. fxe4 Qa4 40.
dxc5 bxc5 41. Qc1 Bb3 42. Qxc5 Qxe4 43. d7 Qe1+ 44. Kh2 Qd1 45. Qc7 Ba4 46.
d8=R+ Qxd8 47. Qxd8+ Kh7 48. Qd3+ g6 49. Qc4 Bd7 50. Qc7 Ba4 51. Qd8 g5 52. Qf6
Kg8 53. Qxh6 Bc2 54. Qxg5+ Kh7 55. Qf6 Kg8 56. g4 Kh7 57. Kg3 Kg8 58. Kh4 Kh7
59. Kg5 Kg8 60. Kh6 Kf8 61. Qh8+ Ke7 62. Qf6+ Kd7 63. Kg7 Ba4 64. Qxf7+ Kc6 65.
Qxe6+ Kb7 66. Qh6 Kb8 67. Qd6+ Ka8 68. h4 Kb7 69. h5 Ka7 70. h6 Bc2 71. h7 Bxh7
72. Kxh7 Kb7 73. e6 Ka7 74. e7 Kb7 75. e8=R Ka7 76. Re7+ Ka8 77. Qd8# 1-0

[Event "Junior Online 4NCL Division 5"]
[Site "online"]
[Date "2020.05.28"]
[Round "7.205"]
[White "Booy, Robbie"]
[Black "Datta, Ishan"]
[Result "0-1"]
[WhiteElo "1075"]
[BlackElo "1195"]
[PlyCount "92"]
[EventDate "2020.05.28"]
[WhiteTeam "St Albans Early Knights 4"]
[BlackTeam "May the Fork Be With You 3"]

1. e4 c6 2. d4 d5 3. f3 dxe4 4. fxe4 e5 5. d5 cxd5 6. Bb5+ Bd7 7. Bd3 dxe4 8.
Bxe4 Bb4+ 9. c3 Be7 10. Ne2 Nc6 11. Be3 Nf6 12. Bxc6 Bxc6 13. Nd2 Ne4 14. Nc4
Qxd1+ 15. Rxd1 Rd8 16. Nxe5 Rxd1+ 17. Kxd1 Ba4+ 18. Ke1 Bd6 19. Rf1 O-O 20. Bd4
Bxe5 21. Bxe5 Re8 22. Rf5 Bb5 23. Bd6 Nxd6 24. Rd5 Rxe2+ 25. Kd1 Re6 26. Rc5
Ba4+ 27. Kd2 Ne4+ 28. Ke3 Nxc5+ 29. Kd4 Nd7 30. Kd5 Re2 31. Kd6 Rxg2 32. c4
Rxb2 33. a3 Rxh2 34. c5 Rc2 35. c6 bxc6 36. Kxd7 h5 37. Ke7 h4 38. Ke8 h3 39.
Kd8 h2 40. Ke7 h1=Q 41. Ke8 Qe1+ 42. Kd8 Rd2+ 43. Kc7 c5 44. Kb8 Qe7 45. Kc8
Rd7 46. Kb8 Rd8# 0-1

[Event "Junior Online 4NCL Division 5"]
[Site "online"]
[Date "2020.05.28"]
[Round "7.206"]
[White "Durling, Charlie"]
[Black "Saporenkova, Rita"]
[Result "0-1"]
[WhiteElo "1105"]
[BlackElo "1000"]
[PlyCount "104"]
[EventDate "2020.05.28"]
[WhiteTeam "May the Fork Be With You 3"]
[BlackTeam "St Albans Early Knights 4"]

1. d4 d5 2. c4 dxc4 3. e4 Nc6 4. Nf3 Nf6 5. Nc3 Na5 6. d5 e6 7. b4 Bxb4 8. Qa4+
Nc6 9. Bd2 exd5 10. Nxd5 Bxd2+ 11. Nxd2 Nxd5 12. exd5 Qxd5 13. Bxc4 Qxg2 14.
Rf1 Qxh2 15. Bb5 Qe5+ 16. Kd1 Qxa1+ 17. Ke2 Qe5+ 18. Kd1 Bg4+ 19. f3 Bd7 20.
Re1 Qxe1+ 21. Kxe1 O-O 22. Qe4 Rfe8 23. Bxc6 Rxe4+ 24. Bxe4 Re8 25. Kf2 b5 26.
Bd3 b4 27. Be2 c5 28. Ke1 Be6 29. Kd1 g5 30. Ne4 Rd8+ 31. Kc2 Bxa2 32. Nxc5 a5
33. Ne4 b3+ 34. Kb2 a4 35. Ka3 Ra8 36. Nxg5 h5 37. f4 h4 38. Bf3 Rb8 39. Kb2
a3+ 40. Kxa3 b2 41. Be4 b1=Q 42. Bxb1 Bxb1 43. Ka4 f6 44. Nf3 h3 45. Ka5 Be4
46. Nh2 Kf8 47. Ka6 Ke7 48. Ka7 Rb1 49. Ka6 Kd6 50. Ka7 Kc6 51. Ka8 Kc7+ 52.
Ka7 Ra1# 0-1

[Event "Junior Online 4NCL Division 5"]
[Site "online"]
[Date "2020.05.28"]
[Round "7.207"]
[White "Burke, Joshua"]
[Black "Tager, Maya"]
[Result "1-0"]
[WhiteElo "917"]
[BlackElo "1090"]
[PlyCount "103"]
[EventDate "2020.05.28"]
[WhiteTeam "St Albans Early Knights 4"]
[BlackTeam "May the Fork Be With You 3"]

1. g3 e5 2. Bg2 d6 3. e4 Nd7 4. f3 Ngf6 5. d3 g6 6. Be3 Bg7 7. Nc3 O-O 8. Nge2
b6 9. O-O Bb7 10. a3 Re8 11. b4 a5 12. Qb1 a4 13. b5 d5 14. exd5 Bxd5 15. Nxd5
Nxd5 16. Qc1 Nxe3 17. Qxe3 Rc8 18. Qc1 c5 19. f4 exf4 20. Bb7 Rb8 21. Bc6 Bxa1
22. Qxa1 fxg3 23. Nxg3 Re6 24. Rxf7 Rf6 25. Rxd7 Qf8 26. Ne4 Rf7 27. Bd5 Qg7
28. Bxf7+ Kh8 29. Qa2 Rf8 30. Nd6 Qd4+ 31. Kf1 Qf4+ 32. Ke1 Qh4+ 33. Kd1 Qg4+
34. Kc1 Qg1+ 35. Kb2 Qd4+ 36. c3 Qe3 37. Qe6 Qf2+ 38. Ka1 Qe1+ 39. Kb2 Qd2+ 40.
Ka1 Qc1+ 41. Ka2 Qc2+ 42. Ka1 Qc1+ 43. Ka2 Qc2+ 44. Ka1 Qc1+ 45. Ka2 Qd2+ 46.
Kb1 Qd1+ 47. Kb2 Qd2+ 48. Kb1 Qxd3+ 49. Kc1 Qxc3+ 50. Kd1 Qa1+ 51. Ke2 Qa2+ 52.
Qxa2 1-0

[Event "Junior Online 4NCL Division 5"]
[Site "online"]
[Date "2020.05.28"]
[Round "7.208"]
[White "Valanju, Saish"]
[Black "Owladi, Maya"]
[Result "0-1"]
[WhiteElo "1037"]
[BlackElo "842"]
[PlyCount "26"]
[EventDate "2020.05.28"]
[WhiteTeam "May the Fork Be With You 3"]
[BlackTeam "St Albans Early Knights 4"]

1. e4 e5 2. Nf3 Nc6 3. d4 d6 4. Nc3 Nf6 5. d5 Nd4 6. Nxd4 exd4 7. Qxd4 Ng4 8.
Bf4 Qf6 9. Qa4+ Bd7 10. Bg5 Qxf2+ 11. Kd1 Ne3+ 12. Kc1 Qe1+ 13. Nd1 Qxd1# 0-1

[Event "Junior Online 4NCL Division 5"]
[Site "online"]
[Date "2020.05.28"]
[Round "7.211"]
[White "Hoccom, Sebastian"]
[Black "Shkuratovskyi, Makariy"]
[Result "1/2-1/2"]
[WhiteElo "900"]
[BlackElo "1427"]
[PlyCount "142"]
[EventDate "2020.05.28"]
[WhiteTeam "TSK Tigers B"]
[BlackTeam "KJCA Young Kestrels F"]

1. e3 c5 2. e4 d6 3. Bb5+ Bd7 4. Bxd7+ Nxd7 5. Nf3 Ngf6 6. Nc3 g6 7. O-O Bg7 8.
d4 cxd4 9. Nxd4 O-O 10. Nf3 Nc5 11. Re1 a6 12. e5 dxe5 13. Qxd8 Rfxd8 14. Nxe5
Nfd7 15. Nxd7 Rxd7 16. Be3 Bxc3 17. bxc3 Ne6 18. Bh6 Rad8 19. g3 Rd2 20. Bxd2
Rxd2 21. Rac1 Kg7 22. Kf1 Kf6 23. Re2 Rd7 24. Ke1 Nc5 25. Rd1 Rc7 26. Re3 Na4
27. Rf3+ Kg7 28. Rdd3 Nb2 29. Rde3 e6 30. h4 Nc4 31. Rd3 Ne5 32. Rde3 Nxf3+ 33.
Rxf3 b5 34. Rd3 a5 35. Kd2 b4 36. cxb4 axb4 37. Rb3 Rd7+ 38. Kc1 Ra7 39. Kb2
Ra4 40. c4 bxc3+ 41. Rxc3 Rb4+ 42. Rb3 Re4 43. Rc3 h6 44. Kb3 g5 45. hxg5 hxg5
46. a4 Rd4 47. Rc4 Rd8 48. Kb4 f5 49. a5 Rb8+ 50. Kc3 Kf7 51. Rc7+ Kf6 52. a6
Ra8 53. a7 Ke5 54. Rb7 Kd6 55. Kd4 Kc6 56. Re7 Kb6 57. Rxe6+ Kxa7 58. Re5 Rf8
59. Ra5+ Kb6 60. Re5 f4 61. gxf4 gxf4 62. Ke4 Kc6 63. Re6+ Kd7 64. Re5 Kd6 65.
f3 Kd7 66. Rf5 Re8+ 67. Kxf4 Kd6 68. Rf6+ Ke7 69. Rf5 Kd6 70. Rf6+ Ke7 71. Rf5
Kd6 1/2-1/2

[Event "Junior Online 4NCL Division 5"]
[Site "online"]
[Date "2020.05.28"]
[Round "7.212"]
[White "Allen, George"]
[Black "Elliott, Joseph"]
[Result "0-1"]
[WhiteElo "1382"]
[BlackElo "970"]
[PlyCount "98"]
[EventDate "2020.05.28"]
[WhiteTeam "KJCA Young Kestrels F"]
[BlackTeam "TSK Tigers B"]

1. b4 d5 2. Bb2 Nc6 3. b5 Nb8 4. Nf3 c6 5. e3 Nf6 6. h3 cxb5 7. Bxb5+ Bd7 8. a4
Bxb5 9. axb5 a6 10. O-O Nbd7 11. Qe2 axb5 12. Rxa8 Qxa8 13. Qxb5 g6 14. Nc3 e6
15. Ra1 Qc8 16. Ne2 Bg7 17. Ned4 O-O 18. Bc3 e5 19. Ne2 e4 20. Ne5 Nxe5 21.
Bxe5 Qxc2 22. Qb6 Nd7 23. Qb1 Qxb1+ 24. Rxb1 Nxe5 25. Rxb7 Nc4 26. Rd7 Nxd2 27.
Rxd5 Nc4 28. Rd4 Bxd4 29. Nxd4 Ra8 30. Nc2 f5 31. g3 Ra2 32. Nd4 Ra1+ 33. Kg2
Ra4 34. Nc2 Kg7 35. h4 Kf6 36. Nd4 h5 37. Nc2 g5 38. hxg5+ Kxg5 39. Nd4 Nd2 40.
Kh3 Nf3 41. Nxf3+ exf3 42. Kh2 Kg4 43. Kg1 h4 44. Kh2 hxg3+ 45. fxg3 Ra2+ 46.
Kg1 Kxg3 47. Kf1 f2 48. e4 Kf3 49. exf5 Ra1# 0-1

[Event "Junior Online 4NCL Division 5"]
[Site "online"]
[Date "2020.05.28"]
[Round "7.213"]
[White "Choung, Ava Grace"]
[Black "Heard, Ben"]
[Result "1-0"]
[WhiteElo "921"]
[BlackElo "1240"]
[PlyCount "201"]
[EventDate "2020.05.28"]
[WhiteTeam "TSK Tigers B"]
[BlackTeam "KJCA Young Kestrels F"]

1. e4 e5 2. Nf3 Nc6 3. Nc3 Nf6 4. d4 exd4 5. Nxd4 Nxd4 6. Qxd4 d6 7. e5 Nd7 8.
Bb5 Be7 9. O-O O-O 10. exd6 Bxd6 11. Bf4 Bxf4 12. Qxf4 Nc5 13. Rad1 Qe7 14.
Rfe1 Be6 15. Nd5 c6 16. Nxe7+ Kh8 17. Bd3 Rad8 18. Qc4 Bxc4 19. Bxc4 Rxd1 20.
Rxd1 Na4 21. b3 Nb2 22. Rd4 h6 23. Bd3 Nxd3 24. cxd3 Re8 25. g4 Rxe7 26. Rd8+
Kh7 27. h4 g5 28. hxg5 hxg5 29. a4 Re1+ 30. Kg2 Rb1 31. Rd7 Kg7 32. Rxb7 a5 33.
Kf3 Kf6 34. d4 Ke6 35. Ke4 Kd6 36. Rxf7 Rxb3 37. Rf6+ Ke7 38. Rxc6 Rb4 39. Rc7+
Kd6 40. Rg7 Rxa4 41. Rxg5 Rb4 42. Rd5+ Kc6 43. Rc5+ Kd6 44. Rxa5 Ke7 45. Kf5
Rxd4 46. g5 Rd8 47. g6 Rf8+ 48. Kg5 Rxf2 49. Ra7+ Kf8 50. g7+ Kg8 51. Kg6 Rg2+
52. Kf6 Rf2+ 53. Ke6 Re2+ 54. Kf5 Rf2+ 55. Kg4 Rf7 56. Ra8+ Kxg7 57. Kg5 Kh7
58. Kh5 Rf5+ 59. Kg4 Rc5 60. Ra7+ Kh6 61. Kf4 Kg6 62. Ra6+ Kf7 63. Ra7+ Ke6 64.
Ra6+ Kd7 65. Ra7+ Kc6 66. Ra6+ Kb7 67. Rf6 Kc7 68. Rf7+ Kd6 69. Rf6+ Ke7 70.
Ra6 Kf7 71. Ra7+ Ke6 72. Rh7 Rc4+ 73. Kg5 Rc5+ 74. Kg6 Ke5 75. Rh5+ Kd6 76. Kh6
Rc8 77. Kg6 Rg8+ 78. Kf6 Rf8+ 79. Kg6 Ke6 80. Kg7 Rf1 81. Kh7 Kf6 82. Rh6+ Kg5
83. Rg6+ Kh5 84. Rh6+ Kg5 85. Rg6+ Kh4 86. Rh6+ Kg3 87. Rg6+ Kf4 88. Rf6+ Kg3
89. Rxf1 Kg2 90. Rf6 Kg3 91. Ra6 Kf4 92. Ra5 Ke4 93. Kg6 Kd4 94. Kf6 Kc4 95.
Ke6 Kb4 96. Rh5 Kc4 97. Kd6 Kc3 98. Rh4 Kd3 99. Ke5 Kc3 100. Kd5 Kd3 101. Rh3+
1-0

[Event "Junior Online 4NCL Division 5"]
[Site "online"]
[Date "2020.05.28"]
[Round "7.214"]
[White "Oprea, Lucas"]
[Black "Osborne, Finn"]
[Result "1-0"]
[WhiteElo "1262"]
[BlackElo "742"]
[PlyCount "123"]
[EventDate "2020.05.28"]
[WhiteTeam "KJCA Young Kestrels F"]
[BlackTeam "TSK Tigers B"]

1. e4 e5 2. Nf3 Nc6 3. Nc3 Bb4 4. Bb5 Bxc3 5. dxc3 d6 6. Bxc6+ bxc6 7. Qe2 Nf6
8. Ng5 O-O 9. Qc4 Ng4 10. O-O Qf6 11. h3 d5 12. exd5 cxd5 13. Qxd5 Rb8 14. hxg4
h6 15. Ne4 Qh4 16. f3 Bb7 17. Qxe5 Bxe4 18. Qxe4 Rbe8 19. Qb7 Re2 20. Bf4 h5
21. gxh5 Qxf4 22. Rf2 Rxf2 23. Kxf2 Qh4+ 24. g3 Qh2+ 25. Ke3 Re8+ 26. Kd4 Qf2+
27. Kc4 Rd8 28. Kb3 Qc5 29. Qb4 Qxh5 30. Qe7 Qb5+ 31. Qb4 Qd5+ 32. c4 Qxf3+ 33.
Qc3 Rb8+ 34. Ka3 Qxc3+ 35. bxc3 f5 36. Rf1 g6 37. g4 fxg4 38. Rg1 Kg7 39. Rxg4
Kf6 40. Rd4 g5 41. Rd7 g4 42. Rxc7 Kf5 43. Rd7 g3 44. Rd2 Kf4 45. c5 Kf3 46. c6
g2 47. c7 Rc8 48. Rd3+ Kf2 49. Rd2+ Kg3 50. Rd3+ Kh2 51. Rd2 Rg8 52. Rd8 g1=Q
53. c8=Q Rg6 54. Rh8+ Kg3 55. Rg8 Kf3 56. Qf5+ Ke2 57. Rxg6 Qc1+ 58. Ka4 Qb1
59. Qe5+ Kf2 60. Rf6+ Kg2 61. Qg5+ Kh3 62. Rh6# 1-0

[Event "Junior Online 4NCL Division 5"]
[Site "online"]
[Date "2020.05.28"]
[Round "7.215"]
[White "Shkuratovskyi, Makariy"]
[Black "Hoccom, Sebastian"]
[Result "0-1"]
[WhiteElo "1427"]
[BlackElo "900"]
[PlyCount "28"]
[EventDate "2020.05.28"]
[WhiteTeam "KJCA Young Kestrels F"]
[BlackTeam "TSK Tigers B"]

1. e4 e5 2. Nf3 Nc6 3. Bc4 h6 4. c3 Nf6 5. Qe2 Bd6 6. d4 exd4 7. cxd4 Be7 8.
O-O O-O 9. Nc3 Re8 10. e5 Bb4 11. Qd1 Bxc3 12. bxc3 Ng4 13. Ne1 Qh4 14. g3
Qxh2# 0-1

[Event "Junior Online 4NCL Division 5"]
[Site "online"]
[Date "2020.05.28"]
[Round "7.216"]
[White "Elliott, Joseph"]
[Black "Allen, George"]
[Result "1-0"]
[WhiteElo "970"]
[BlackElo "1382"]
[PlyCount "125"]
[EventDate "2020.05.28"]
[WhiteTeam "TSK Tigers B"]
[BlackTeam "KJCA Young Kestrels F"]

1. e4 e5 2. Nf3 Nc6 3. Bc4 Nd4 4. Nxd4 exd4 5. c3 dxc3 6. Nxc3 Bc5 7. O-O d6 8.
Qf3 Nf6 9. h3 O-O 10. d3 h6 11. Qg3 g5 12. h4 Nh5 13. Qh2 Be6 14. hxg5 hxg5 15.
Qxh5 Bxc4 16. dxc4 Qf6 17. Qxg5+ Qxg5 18. Bxg5 f6 19. Be3 Bxe3 20. fxe3 Rf7 21.
Rf5 Kf8 22. Raf1 Ke7 23. Nd5+ Kd7 24. Rxf6 Rh7 25. Rf7+ Rxf7 26. Rxf7+ Kc6 27.
Nb4+ Kc5 28. a3 Kxc4 29. Rxc7+ Kb5 30. Rxb7+ Kc5 31. Na6+ Kc6 32. Rh7 Kb6 33.
Nb4 Re8 34. Rh6 Kc5 35. Na6+ Kc6 36. Rh4 Kb6 37. Nb4 Kc5 38. Nd3+ Kc6 39. Rh7
Kb6 40. Rh5 Kc6 41. e5 d5 42. Rh6+ Kd7 43. Nc5+ Ke7 44. Re6+ Kf7 45. Rxe8 Kxe8
46. Kf2 Ke7 47. Kf3 a5 48. e4 d4 49. Nb3 d3 50. Ke3 Ke6 51. Kxd3 Kxe5 52. Nxa5
Kf4 53. b4 Kg3 54. b5 Kxg2 55. b6 Kf3 56. b7 Kf4 57. b8=Q+ Kg4 58. Qf8 Kg5 59.
e5 Kg6 60. e6 Kh7 61. e7 Kg6 62. e8=Q+ Kh7 63. Qh5# 1-0

[Event "Junior Online 4NCL Division 5"]
[Site "online"]
[Date "2020.05.28"]
[Round "7.217"]
[White "Heard, Ben"]
[Black "Choung, Ava Grace"]
[Result "1/2-1/2"]
[WhiteElo "1240"]
[BlackElo "921"]
[PlyCount "71"]
[EventDate "2020.05.28"]
[WhiteTeam "KJCA Young Kestrels F"]
[BlackTeam "TSK Tigers B"]

1. e4 e5 2. Nf3 Nc6 3. Nc3 Nf6 4. Bc4 Nxe4 5. Nxe4 d5 6. Bxd5 Qxd5 7. Nc3 Qc4
8. d3 Qg4 9. h3 Qe6 10. O-O Nd4 11. Nxd4 exd4 12. Re1 Qxe1+ 13. Qxe1+ Be7 14.
Nd5 Be6 15. Nxc7+ Kd7 16. Nxa8 Rxa8 17. Qe4 g6 18. Qxd4+ Bd6 19. Qa4+ Ke7 20.
Bg5+ f6 21. Be3 Bd7 22. Qe4+ Be5 23. d4 Bf5 24. Qxb7+ Bd7 25. Qxa8 Bc7 26. Qxa7
f5 27. Qxc7 f4 28. Bxf4 Ke6 29. d5+ Ke7 30. d6+ Ke6 31. Re1+ Kf5 32. Qxd7+ Kxf4
33. Qxh7 g5 34. d7 g4 35. d8=Q gxh3 36. Qxh3 1/2-1/2

[Event "Junior Online 4NCL Division 5"]
[Site "online"]
[Date "2020.05.28"]
[Round "7.218"]
[White "Osborne, Finn"]
[Black "Oprea, Lucas"]
[Result "0-1"]
[WhiteElo "742"]
[BlackElo "1262"]
[PlyCount "26"]
[EventDate "2020.05.28"]
[WhiteTeam "TSK Tigers B"]
[BlackTeam "KJCA Young Kestrels F"]

1. e4 e5 2. Nf3 Nc6 3. Bc4 Nf6 4. Nc3 Bc5 5. O-O O-O 6. d3 d6 7. Bg5 h6 8. Bxf6
Qxf6 9. Re1 Bd4 10. Nxd4 Nxd4 11. h3 Qg6 12. Nb5 Bxh3 13. Kf1 Qxg2# 0-1

[Event "Junior Online 4NCL Division 5"]
[Site "online"]
[Date "2020.05.28"]
[Round "7.221"]
[White "Burke, Alexander"]
[Black "Abraham, Lexi"]
[Result "1-0"]
[WhiteElo "1300"]
[BlackElo "850"]
[PlyCount "49"]
[EventDate "2020.05.28"]
[WhiteTeam "Manchester Juniors B"]
[BlackTeam "Blue Foxes 3"]

1. d4 d5 2. e3 Nc6 3. c4 Nf6 4. a3 Bf5 5. c5 Bg4 6. Nf3 e5 7. dxe5 Nxe5 8. Nbd2
Bxc5 9. b4 Bd6 10. Bb2 O-O 11. g3 Bxf3 12. Nxf3 Nxf3+ 13. Qxf3 g5 14. Bg2 g4
15. Qf5 Be7 16. O-O b5 17. Qg5+ Kh8 18. Rfd1 c6 19. e4 Rg8 20. Qf4 Bd6 21. e5
Be7 22. exf6 Bxf6 23. Bxf6+ Qxf6 24. Qxf6+ Rg7 25. Qxc6 1-0